Limestone Roads (Record no. 544635)
[ view plain ]
| 000 -LEADER | |
|---|---|
| fixed length control field | 00443nam a22001697a 4500 |
| 082 ## - DEWEY DECIMAL CLASSIFICATION NUMBER | |
| Classification number | 553.516 |
| Author Mark | VAL |
| -- | L-15, P-7.: |
| 100 ## - MAIN ENTRY--PERSONAL NAME | |
| Personal name | Valton. P.A. |
| 9 (RLIN) | 40310 |
| 245 ## - TITLE STATEMENT | |
| Title | Limestone Roads |
| Statement of responsibility, etc. | London |
| 250 ## - EDITION STATEMENT | |
| Edition statement | 2nd |
| 260 ## - PUBLICATION, DISTRIBUTION, ETC. | |
| Place of publication, distribution, etc. | London |
| Name of publisher, distributor, etc. | Chapman & Hall ltd. London |
| Date of publication, distribution, etc. | 1947 |
| 300 ## - PHYSICAL DESCRIPTION | |
| Extent | viii, 112 p.: |
| 526 ## - STUDY PROGRAM INFORMATION NOTE | |
| Program name | 0 |
| Interest level | 0 |
| Reading level | 0 |
| Title point value | 553_516000000000000_VAL |
| 650 ## - SUBJECT ADDED ENTRY--TOPICAL TERM | |
| Topical term or geographic name entry element | Ill |
| 9 (RLIN) | 40311 |
| 650 ## - SUBJECT ADDED ENTRY--TOPICAL TERM | |
| Topical term or geographic name entry element | MCE |
| 9 (RLIN) | 379 |
| 700 ## - ADDED ENTRY--PERSONAL NAME | |
| Personal name | P.A. Valton |
| 9 (RLIN) | 40312 |
| 942 ## - ADDED ENTRY ELEMENTS (KOHA) | |
| Source of classification or shelving scheme | |
| Koha item type | Book |
| Withdrawn status | Lost status | Source of classification or shelving scheme | Damaged status | Not for loan | Permanent Location | Current Location | Date acquired | Total Checkouts | Full call number | Barcode | Date last seen | Date last checked out | Price effective from | Koha item type |
|---|---|---|---|---|---|---|---|---|---|---|---|---|---|---|
| Military College of Engineering (MCE) | Military College of Engineering (MCE) | 05/08/2014 | 1 | 553.516 VAL | MCE-29408 | 05/09/2014 | 05/09/2014 | 05/08/2014 | Book |
